[Event "75. LJUBLJANSKA LIGA 2023"]
[Site " gostovanja"]
[Date "2023.02.23"]
[Round "5.2"]
[White "Krupenko, Peter"]
[Black "Cimperman, Teo"]
[Result "1-0"]
[WhiteElo "1976"]
[BlackElo "1532"]
[PlyCount "121"]
[EventDate "2023.02.23"]
[WhiteTeam "SK TRZIN BUSCOTRADE"]
[BlackTeam "SK KOMENDA POGI"]

1. Nf3 c5 2. c4 Nc6 3. Nc3 g6 4. g3 Bg7 5. Bg2 Nf6 6. O-O O-O 7. d4 cxd4 8.
Nxd4 Nxd4 9. Qxd4 d6 10. Qd2 Be6 11. Bxb7 Rb8 12. Bf3 Bxc4 13. b3 Be6 14. Bb2
Qa5 15. Rfd1 Kh8 16. Na4 Qxd2 17. Rxd2 Rfc8 18. Bd4 Rc7 19. Nc3 Rb4 20. Rc1 Nd7
21. Bxg7+ Kxg7 22. Rdc2 Ne5 23. Bg2 Rb8 24. Nd5 Rxc2 25. Rxc2 Bxd5 26. Bxd5 Rb5
27. Be4 Rc5 28. f4 Nd7 29. b4 Rxc2 30. Bxc2 Nb6 31. a4 f5 32. a5 Nd5 33. b5 Nb4
34. b6 axb6 35. axb6 Nc6 36. Ba4 Nb8 37. Kf2 Kf6 38. Ke3 e5 39. Kd3 d5 40.
fxe5+ Kxe5 41. e3 Kd6 42. Kd4 Na6 43. Bb3 Nb4 44. Bxd5 h6 45. e4 fxe4 46. Bxe4
g5 47. Kc4 Na6 48. Kb5 Nb8 49. Bf3 Nd7 50. Ka6 Nc5+ 51. Ka7 Ke5 52. b7 Nxb7 53.
Kxb7 Kd4 54. Kc6 Ke3 55. Bh5 Kf2 56. Kd5 Kg2 57. Ke6 g4 58. Kf5 Kxh2 59. Kxg4
Kg2 60. Kf4 Kh3 61. g4 1-0

[Event "75. LJUBLJANSKA LIGA 2023"]
[Site " gostovanja"]
[Date "2023.02.23"]
[Round "5.4"]
[White "Rojs, Igor"]
[Black "Babarovic, Fran"]
[Result "1-0"]
[WhiteElo "1935"]
[BlackElo "1275"]
[PlyCount "65"]
[EventDate "2023.02.23"]
[WhiteTeam "SK TRZIN BUSCOTRADE"]
[BlackTeam "SK KOMENDA POGI"]

1. c4 e5 2. Nc3 Nf6 3. g3 d5 4. cxd5 Nxd5 5. Bg2 Nxc3 6. bxc3 c6 7. Nf3 Bd6 8.
d4 e4 9. Nd2 f5 10. Qb3 Qe7 11. Nc4 Bc7 12. Ba3 Qf6 13. f4 exf3 14. Bxf3 b5 15.
Nd2 a5 16. O-O Qg5 17. Rad1 f4 18. Bg2 a4 19. Qb4 Na6 20. Bxc6+ Bd7 21. Bxd7+
Kxd7 22. Qb1 fxg3 23. Rf7+ Ke8 24. Qe4+ Kxf7 25. Rf1+ Qf6 26. Qe7+ Kg6 27.
Rxf6+ gxf6 28. Qe4+ Kf7 29. Qd5+ Kg6 30. h4 Rab8 31. h5+ Kh6 32. Qf5 Kg7 33.
Be7 1-0

[Event "75. LJUBLJANSKA LIGA 2023"]
[Site " gostovanja"]
[Date "2023.02.23"]
[Round "5.1"]
[White "Siraj, Svit"]
[Black "Markun, Ozbej"]
[Result "1-0"]
[WhiteElo "2088"]
[BlackElo "1958"]
[PlyCount "97"]
[EventDate "2023.02.23"]
[WhiteTeam "SD VRHNIKA"]
[BlackTeam "SS TOMO ZUPAN KRANJ"]

1. e4 c5 2. Nf3 d6 3. Bb5+ Bd7 4. Bxd7+ Nxd7 5. c4 Ngf6 6. Nc3 g6 7. O-O Bg7 8.
d3 O-O 9. Ng5 Ne5 10. f4 Nc6 11. f5 Qd7 12. Qe1 e6 13. Qh4 Ne5 14. Nf3 exf5 15.
Nxe5 dxe5 16. Bg5 Nh5 17. exf5 f6 18. Be3 Qxd3 19. Bxc5 Nf4 20. Bxf8 Rxf8 21.
fxg6 hxg6 22. Qf2 Qxc4 23. Qxa7 Qc6 24. Rf3 Rd8 25. Qf2 f5 26. Rd1 Re8 27. Qd2
Qc5+ 28. Kh1 Bf8 29. Nd5 Nxd5 30. Qxd5+ Qxd5 31. Rxd5 Bg7 32. Rd7 e4 33. Rf2
Rb8 34. g3 b6 35. Rc2 Be5 36. Kg2 g5 37. b3 Re8 38. Rc6 f4 39. Rg6+ Kh8 40.
Rxg5 f3+ 41. Kf2 Bb2 42. Rh5+ Kg8 43. Rg5+ Kh8 44. Rd1 Rc8 45. Rh5+ Kg7 46. Ke3
Rc2 47. Kxe4 f2 48. Ke3 Rc3+ 49. Ke2 1-0

[Event "75. LJUBLJANSKA LIGA 2023"]
[Site " gostovanja"]
[Date "2023.02.23"]
[Round "5.2"]
[White "Susnik, Matej"]
[Black "Praznik, Anton"]
[Result "1/2-1/2"]
[WhiteElo "2048"]
[BlackElo "2078"]
[PlyCount "29"]
[EventDate "2023.02.23"]
[WhiteTeam "SS TOMO ZUPAN KRANJ"]
[BlackTeam "SD VRHNIKA"]

1. e4 d6 2. Nc3 g6 3. d4 Nf6 4. Be3 c6 5. Qd2 b5 6. f3 Nbd7 7. O-O-O Qa5 8. Kb1
Nb6 9. Nd5 Qxd2 10. Nxf6+ exf6 11. Bxd2 a6 12. Bc1 Bg7 13. Bd3 Be6 14. Ne2 O-O
15. Rhe1 1/2-1/2

[Event "75. LJUBLJANSKA LIGA 2023"]
[Site " gostovanja"]
[Date "2023.02.23"]
[Round "5.3"]
[White "Racnik, Tone"]
[Black "Smirnov, Maksim"]
[Result "1-0"]
[WhiteElo "1877"]
[BlackElo "1405"]
[PlyCount "95"]
[EventDate "2023.02.23"]
[WhiteTeam "SD VRHNIKA"]
[BlackTeam "SS TOMO ZUPAN KRANJ"]

1. e4 c6 2. d4 d5 3. e5 Bf5 4. Ne2 e6 5. Ng3 Bg6 6. h4 h6 7. Bd3 Bxd3 8. Qxd3
Nd7 9. Nd2 c5 10. c3 Ne7 11. Nf3 Nc6 12. a3 Be7 13. Nh5 Bf8 14. b4 b6 15. Rh3
Qe7 16. Be3 c4 17. Qc2 a5 18. b5 Na7 19. a4 O-O-O 20. g4 f6 21. Nf4 Qf7 22. Ng6
Rg8 23. Ke2 Kb7 24. g5 h5 25. Nf4 fxe5 26. g6 Qf5 27. Qxf5 exf5 28. dxe5 Re8
29. Rd1 Nxe5 30. Rxd5 Ng4 31. Rxf5 Bc5 32. Rf7+ Kb8 33. Nd2 Nc8 34. Nxh5 Ne7
35. Nxg7 Nxg6 36. Nxe8 Rxe8 37. h5 N6e5 38. Rf4 Nxe3 39. fxe3 Nd3 40. Rf5 Kc7
41. Nxc4 Nc1+ 42. Kd2 Na2 43. h6 Rg8 44. h7 Rg2+ 45. Ke1 Nxc3 46. h8=Q Be7 47.
Qe5+ Kd7 48. Rh7 1-0

[Event "75. LJUBLJANSKA LIGA 2023"]
[Site " gostovanja"]
[Date "2023.02.23"]
[Round "5.4"]
[White "Demsar, Maks"]
[Black "Vodnik, Val"]
[Result "0-1"]
[WhiteElo "1442"]
[BlackElo "1348"]
[PlyCount "70"]
[EventDate "2023.02.23"]
[WhiteTeam "SS TOMO ZUPAN KRANJ"]
[BlackTeam "SD VRHNIKA"]

1. e4 e5 2. Nf3 Nc6 3. d4 exd4 4. Nxd4 Bc5 5. Be3 Qf6 6. c3 Nge7 7. Bc4 Ne5 8.
Be2 d6 9. O-O Qg6 10. Kh1 c6 11. Nd2 O-O 12. Bh5 Qf6 13. f4 Nd7 14. Qf3 g6 15.
Qg3 Qg7 16. Bd1 Nf6 17. Qh4 Re8 18. f5 Bxd4 19. cxd4 gxf5 20. Bh6 Qg6 21. h3
Be6 22. e5 dxe5 23. dxe5 Bd5 24. Rf2 Ne4 25. Nxe4 Bxe4 26. Bg5 Nd5 27. Bh5 Qe6
28. Re1 Qxe5 29. Bh6 Kh8 30. Bxf7 Re7 31. Bg6 Rg8 32. Rxf5 Bxg2+ 33. Kxg2 Rxg6+
34. Rg5 Qxe1 35. Qd4+ Qe5 0-1

[Event "75. LJUBLJANSKA LIGA 2023"]
[Site " gostovanja"]
[Date "2023.02.23"]
[Round "5.1"]
[White "Marinko, Peter"]
[Black "Jukan, Nesib"]
[Result "0-1"]
[WhiteElo "2038"]
[BlackElo "1946"]
[PlyCount "94"]
[EventDate "2023.02.23"]
[WhiteTeam "SK LJUBLJANA"]
[BlackTeam "SK TRZIN PEKOS PUB"]

1. d4 Nf6 2. c4 e6 3. Nf3 Bb4+ 4. Bd2 Be7 5. g3 O-O 6. Bg2 c5 7. Nc3 cxd4 8.
Nxd4 Nc6 9. Nxc6 dxc6 10. O-O e5 11. Qc2 Be6 12. b3 Qc8 13. Bg5 h6 14. Bxf6
Bxf6 15. Ne4 Be7 16. Rfd1 Qc7 17. c5 Rad8 18. b4 Bd5 19. Nc3 Bxg2 20. Kxg2 a5
21. a3 axb4 22. axb4 b6 23. Na4 bxc5 24. Nxc5 Rd5 25. e4 Rxd1 26. Rxd1 Rd8 27.
Rd3 Qb8 28. Rxd8+ Qxd8 29. Qd3 Qb6 30. Qc4 Qb5 31. Qxb5 cxb5 32. Kf3 h5 33. Ke3
g6 34. Kd3 f5 35. f3 Kf7 36. Kc3 Kf6 37. Kb3 g5 38. h3 g4 39. fxg4 hxg4 40.
hxg4 f4 41. gxf4 exf4 42. Nd3 Kg5 43. Kc3 Kxg4 44. Kd4 f3 45. Ke5 Bxb4 46. Nxb4
f2 47. Nd5 Kf3 0-1

[Event "75. LJUBLJANSKA LIGA 2023"]
[Site " gostovanja"]
[Date "2023.02.23"]
[Round "5.2"]
[White "Konvalinka, Kostja"]
[Black "Zmavc, Mark"]
[Result "1/2-1/2"]
[WhiteElo "1686"]
[BlackElo "1952"]
[PlyCount "106"]
[EventDate "2023.02.23"]
[WhiteTeam "SK TRZIN PEKOS PUB"]
[BlackTeam "SK LJUBLJANA"]

1. e4 c5 2. Nf3 e6 3. d4 cxd4 4. Nxd4 Nc6 5. Nc3 Qc7 6. a3 a6 7. Be2 Nf6 8. Be3
b5 9. Nxc6 dxc6 10. Qd2 Bb7 11. Bf4 e5 12. Bg5 Be7 13. O-O h6 14. Bh4 O-O 15.
Qe3 Rad8 16. Rad1 Bc8 17. Rxd8 Rxd8 18. Rd1 Re8 19. Rd3 Be6 20. Rd1 g5 21. Bg3
Nd7 22. h3 Nf8 23. Bh5 Kg7 24. Qf3 Ng6 25. Bg4 Qc8 26. Bxe6 fxe6 27. Qd3 Rd8
28. Qf3 Nf4 29. Bxf4 exf4 30. Qg4 Rxd1+ 31. Qxd1 Qd8 32. Qxd8 Bxd8 33. Kf1 Kf6
34. Ke2 Ke5 35. Kd3 Be7 36. f3 c5 37. Na2 h5 38. b3 Bf8 39. a4 c4+ 40. Kc3 cxb3
41. cxb3 bxa4 42. bxa4 g4 43. hxg4 hxg4 44. Kc4 gxf3 45. gxf3 Kd6 46. Nb4 a5
47. Nd3 Kc6 48. Nxf4 e5 49. Ne2 Bd6 50. Nc3 Bc7 51. Nd5 Bd6 52. Nf6 Be7 53. Ng4
Kd6 1/2-1/2

[Event "75. LJUBLJANSKA LIGA 2023"]
[Site " gostovanja"]
[Date "2023.02.23"]
[Round "5.3"]
[White "Babic, Miroslav"]
[Black "Leben, Dusan"]
[Result "1-0"]
[WhiteElo "1655"]
[BlackElo "1797"]
[PlyCount "133"]
[EventDate "2023.02.23"]
[WhiteTeam "SK LJUBLJANA"]
[BlackTeam "SK TRZIN PEKOS PUB"]

1. e4 e5 2. Nf3 Nf6 3. Nc3 Nc6 4. Bb5 d6 5. d3 Bd7 6. Bg5 Be7 7. Qd2 a6 8. Bc4
Na5 9. Bb3 Nxb3 10. axb3 O-O 11. h3 c5 12. Bxf6 Bxf6 13. Nd5 a5 14. Nxf6+ gxf6
15. g4 Kg7 16. Nh4 Rh8 17. Nf5+ Bxf5 18. gxf5 Kf8 19. Rg1 b6 20. Qh6+ Ke7 21.
Ke2 Qf8 22. Rg7 b5 23. c4 b4 24. Rag1 Rb8 25. f4 Rd8 26. fxe5 dxe5 27. Qe3 Rc8
28. R7g3 h5 29. Ra1 Qd8 30. Rg7 Qc7 31. Qg1 Ra8 32. Qg6 Raf8 33. Qg1 Ra8 34.
Qf2 Rag8 35. Rag1 Rxg7 36. Rxg7 Qd6 37. Rg1 Rd8 38. Qe3 Rh8 39. Ra1 Qc7 40. Qg3
Qd8 41. Qg1 Qc7 42. Rd1 Kf8 43. Qe3 Rg8 44. Rg1 Rxg1 45. Qxg1 Qd6 46. Kd2 Ke7
47. Qe3 Qc6 48. Qe2 a4 49. Qxh5 axb3 50. Qd1 Qa8 51. h4 Qh8 52. h5 Qh6+ 53. Ke1
Qe3+ 54. Kf1 Qh3+ 55. Ke1 Qh1+ 56. Kd2 Qg2+ 57. Qe2 Qg5+ 58. Qe3 Kf8 59. h6 Kg8
60. Qxg5+ fxg5 61. d4 exd4 62. e5 g4 63. e6 fxe6 64. fxe6 g3 65. e7 Kf7 66. h7
g2 67. h8=Q 1-0

[Event "75. LJUBLJANSKA LIGA 2023"]
[Site " gostovanja"]
[Date "2023.02.23"]
[Round "5.4"]
[White "Markic, Vladimir"]
[Black "Kovacic, Jakob"]
[Result "1/2-1/2"]
[WhiteElo "1596"]
[BlackElo "1000"]
[PlyCount "75"]
[EventDate "2023.02.23"]
[WhiteTeam "SK TRZIN PEKOS PUB"]
[BlackTeam "SK LJUBLJANA"]

1. e4 d6 2. d4 Nf6 3. Nc3 g6 4. Nf3 Bg7 5. Be2 O-O 6. Be3 Bg4 7. h3 Bxf3 8.
Bxf3 c6 9. O-O Nbd7 10. Qd2 e5 11. Rad1 Qc7 12. dxe5 dxe5 13. Bh6 Rad8 14. Bxg7
Kxg7 15. a3 Nc5 16. Qe3 b6 17. Rxd8 Rxd8 18. Rd1 Rxd1+ 19. Bxd1 Qd6 20. Bf3 Ne6
21. g3 Nd4 22. Qd3 Nxf3+ 23. Qxf3 Qd4 24. Qd3 Qxd3 25. cxd3 Kf8 26. Ne2 Ke7 27.
f4 Kd6 28. Kf2 Nd7 29. b4 f6 30. Ke3 a6 31. d4 exd4+ 32. Kxd4 c5+ 33. Kc4 cxb4
34. axb4 Nb8 35. Nc3 Nd7 36. Ne2 Nb8 37. Nd4 Nd7 38. Ne2 1/2-1/2

[Event "75. LJUBLJANSKA LIGA 2023"]
[Site " gostovanja"]
[Date "2023.02.23"]
[Round "5.1"]
[White "Markoja, Sebastijan"]
[Black "Benko, Bostjan"]
[Result "1-0"]
[WhiteElo "2217"]
[BlackElo "1879"]
[PlyCount "87"]
[EventDate "2023.02.23"]
[WhiteTeam "SK DOL"]
[BlackTeam "SK ZAGORJE"]

1. e4 c6 2. d4 d5 3. e5 Bf5 4. Nd2 e6 5. Nb3 Nd7 6. Nf3 Ne7 7. Be2 h6 8. O-O g5
9. Ne1 Bg7 10. Nd3 b6 11. f4 Ng6 12. Bg4 Bxg4 13. Qxg4 gxf4 14. Nxf4 Qh4 15.
Qe2 Nxf4 16. Rxf4 Qe7 17. Qh5 Nf8 18. Bd2 Ng6 19. Rg4 O-O-O 20. Rf1 Rd7 21. Nc1
Qe8 22. Nd3 Bf8 23. Nf4 Rg8 24. Qh3 Nxf4 25. Rgxf4 f5 26. exf6 Qf7 27. Re1 Bd6
28. Rf2 Re8 29. Bf4 Bf8 30. Bxh6 Bd6 31. Bg7 e5 32. dxe5 Rxe5 33. Rfe2 Rh5 34.
Qg4 Bc5+ 35. Kh1 Kc7 36. Re6 d4 37. Qf4+ Kb7 38. Qe4 Rhd5 39. a3 a5 40. Qd3 Bd6
41. Qf3 Qg6 42. Rf1 Rh5 43. Rxd6 Rxd6 44. f7 1-0

[Event "75. LJUBLJANSKA LIGA 2023"]
[Site " gostovanja"]
[Date "2023.02.23"]
[Round "5.2"]
[White "Medvesek, Janez"]
[Black "Kampus, Andrej"]
[Result "0-1"]
[WhiteElo "1825"]
[BlackElo "1644"]
[PlyCount "53"]
[EventDate "2023.02.23"]
[WhiteTeam "SK ZAGORJE"]
[BlackTeam "SK DOL"]

1. d4 d5 2. c4 e6 3. Nc3 c5 4. cxd5 exd5 5. Nf3 Nc6 6. g3 Nf6 7. Bg2 cxd4 8.
Nxd4 Bc5 9. Nb3 Bb6 10. Nxd5 Be6 11. e4 Bg4 12. Nxf6+ Qxf6 13. f3 Ne5 14. Nd2
Nd3+ 15. Ke2 Qd4 16. Qg1 Qxg1 17. Rxg1 Bxg1 18. Kxd3 Bd7 19. a4 O-O 20. Nf1
Rfd8 21. Kc2 Rac8+ 22. Kb1 Be6 23. Ra3 Bc4 24. Rc3 Bd3+ 25. Ka2 Rxc3 26. bxc3
Bxf1 27. Bxf1 0-1

[Event "75. LJUBLJANSKA LIGA 2023"]
[Site " gostovanja"]
[Date "2023.02.23"]
[Round "5.4"]
[White "Vidonja, Taja"]
[Black "Mavrel, Franc"]
[Result "1/2-1/2"]
[WhiteElo "1703"]
[BlackElo "1664"]
[PlyCount "41"]
[EventDate "2023.02.23"]
[WhiteTeam "SK ZAGORJE"]
[BlackTeam "SK DOL"]

1. e4 e5 2. Nf3 Nc6 3. Bc4 Bc5 4. c3 h6 5. d4 exd4 6. cxd4 Bb4+ 7. Nc3 a6 8. a3
Bxc3+ 9. bxc3 d6 10. h3 Nf6 11. Qe2 O-O 12. O-O Re8 13. e5 dxe5 14. Nxe5 Nxe5
15. dxe5 Nh7 16. Rd1 Qe7 17. f4 Be6 18. Bd3 Qc5+ 19. Kh2 c6 20. Bd2 b5 21. Rdc1
1/2-1/2

[Event "75. LJUBLJANSKA LIGA 2023"]
[Site " gostovanja"]
[Date "2023.02.23"]
[Round "5.1"]
[White "Gantar, Jan"]
[Black "Skok, Boris"]
[Result "1-0"]
[WhiteElo "2203"]
[BlackElo "1944"]
[PlyCount "73"]
[EventDate "2023.02.23"]
[WhiteTeam "SK KOMENDA POPOTNIK"]
[BlackTeam "SD CRNI GRABEN"]

1. e4 c5 2. Nc3 e6 3. Nge2 Nc6 4. d4 cxd4 5. Nxd4 Qc7 6. g3 a6 7. Bg2 Nf6 8.
O-O h5 9. Re1 Nxd4 10. Qxd4 Bc5 11. Bf4 d6 12. Qd2 Ng4 13. Nd1 h4 14. b4 e5 15.
bxc5 exf4 16. cxd6 Qd8 17. Qxf4 hxg3 18. hxg3 g5 19. Qd2 Qf6 20. e5 Qh6 21. Ne3
Bd7 22. Nxg4 Bxg4 23. e6 Bxe6 24. d7+ Kd8 25. Qa5+ Kxd7 26. Rad1+ Ke7 27. Qb4+
Kf6 28. Qb2+ Ke7 29. Qxb7+ Kf6 30. Qb2+ Ke7 31. Qb4+ Kf6 32. Qc3+ Ke7 33. Qa3+
Kf6 34. Rxe6+ fxe6 35. Bxa8 Qh2+ 36. Kf1 Rxa8 37. Qf3+ 1-0

[Event "75. LJUBLJANSKA LIGA 2023"]
[Site " gostovanja"]
[Date "2023.02.23"]
[Round "5.2"]
[White "Hribar, Janez"]
[Black "Juhant, Igor"]
[Result "1-0"]
[WhiteElo "1894"]
[BlackElo "1946"]
[PlyCount "31"]
[EventDate "2023.02.23"]
[WhiteTeam "SD CRNI GRABEN"]
[BlackTeam "SK KOMENDA POPOTNIK"]

1. d4 Nf6 2. Nf3 e6 3. Bg5 Be7 4. Nbd2 d5 5. e3 O-O 6. Bd3 c5 7. c3 Nc6 8. h3
cxd4 9. exd4 Nd7 10. Bf4 Bf6 11. h4 e5 12. Bxh7+ Kxh7 13. Ng5+ Kg8 14. Qh5 Bxg5
15. hxg5 f5 16. g6 1-0

[Event "75. LJUBLJANSKA LIGA 2023"]
[Site " gostovanja"]
[Date "2023.02.23"]
[Round "5.3"]
[White "Zidar, Jernej"]
[Black "Majcen, Zoran"]
[Result "1-0"]
[WhiteElo "1815"]
[BlackElo "1802"]
[PlyCount "67"]
[EventDate "2023.02.23"]
[WhiteTeam "SK KOMENDA POPOTNIK"]
[BlackTeam "SD CRNI GRABEN"]

1. d4 d5 2. Nf3 Nf6 3. e3 g6 4. b3 Bg7 5. Bb2 O-O 6. Nbd2 a5 7. a3 Nbd7 8. Bd3
c5 9. c4 Qb6 10. cxd5 Nxd5 11. Nc4 Qc7 12. O-O b5 13. Nce5 Qb6 14. Qe2 Nxe5 15.
Nxe5 Bxe5 16. dxe5 Rb8 17. Rab1 e6 18. h4 h5 19. Qc2 Kg7 20. Rfc1 c4 21. bxc4
bxc4 22. Bxc4 Bb7 23. Bd4 Qd8 24. Ba7 Qxh4 25. Bxb8 Rxb8 26. Bxd5 exd5 27. Qc7
d4 28. Rxb7 Rxb7 29. Qxb7 dxe3 30. fxe3 Qg3 31. Rf1 Qxe3+ 32. Kh1 Qxe5 33.
Qxf7+ Kh6 34. Qf4+ 1-0

[Event "75. LJUBLJANSKA LIGA 2023"]
[Site " gostovanja"]
[Date "2023.02.23"]
[Round "5.4"]
[White "Erazem, Franc"]
[Black "Zagar, Katarina"]
[Result "1/2-1/2"]
[WhiteElo "1480"]
[BlackElo "1153"]
[PlyCount "45"]
[EventDate "2023.02.23"]
[WhiteTeam "SD CRNI GRABEN"]
[BlackTeam "SK KOMENDA POPOTNIK"]

1. e4 e5 2. Bc4 Nf6 3. d3 d5 4. exd5 Nxd5 5. a3 Nc6 6. Ba2 a5 7. Ne2 Bc5 8.
Nbc3 Nxc3 9. Nxc3 O-O 10. O-O Kh8 11. Be3 Bxe3 12. fxe3 f5 13. Nd5 Ne7 14. Nxe7
Qxe7 15. h3 Qg5 16. Kh2 Qxe3 17. Rf3 Qb6 18. Rb1 Be6 19. Bxe6 Qxe6 20. Qe1 Qd6
21. Kh1 g6 22. Qc3 c6 23. Re1 1/2-1/2

[Event "75. LJUBLJANSKA LIGA 2023"]
[Site " gostovanja"]
[Date "2023.02.23"]
[Round "5.1"]
[White "Kirasic, Branko"]
[Black "Sedlar, Tomo"]
[Result "1-0"]
[WhiteElo "1852"]
[BlackElo "1804"]
[PlyCount "57"]
[EventDate "2023.02.23"]
[WhiteTeam "SK VISNJA GORA - STICNA"]
[BlackTeam "SD MENGES - TRZIN"]

1. e4 e5 2. Nf3 Nc6 3. Bc4 Bc5 4. c3 d6 5. d4 exd4 6. cxd4 Bb6 7. Nc3 h6 8. b3
Nge7 9. Be3 O-O 10. Qd2 Kh7 11. g4 Ng6 12. O-O-O Nh4 13. Ne1 f6 14. f4 Ng6 15.
Nf3 Ba5 16. Rdg1 Qe7 17. Bd3 Nb4 18. Bb1 Qf7 19. f5 Ne7 20. d5 Re8 21. g5 fxg5
22. Rxg5 Bb6 23. Bd4 Bxd4 24. Qxd4 Qf6 25. Rg3 Qxd4 26. Nxd4 Ng8 27. Rhg1 Re7
28. f6 Nxf6 29. e5+ 1-0

[Event "75. LJUBLJANSKA LIGA 2023"]
[Site " gostovanja"]
[Date "2023.02.23"]
[Round "5.2"]
[White "Veskovic, Dzemal"]
[Black "Jancigaj, Saso Valentin"]
[Result "1-0"]
[WhiteElo "1876"]
[BlackElo "1683"]
[PlyCount "119"]
[EventDate "2023.02.23"]
[WhiteTeam "SD MENGES - TRZIN"]
[BlackTeam "SK VISNJA GORA - STICNA"]

1. e4 c5 2. Nc3 Nc6 3. Nf3 e5 4. a3 d6 5. h3 Be7 6. Bc4 Nf6 7. d3 O-O 8. Bg5
Nd4 9. Bxf6 Bxf6 10. Nd5 Be6 11. c3 Bxd5 12. Bxd5 Nxf3+ 13. Qxf3 Rb8 14. h4 b5
15. g4 b4 16. axb4 cxb4 17. c4 Qb6 18. g5 Be7 19. Qe3 Bd8 20. Qxb6 Bxb6 21. b3
Kh8 22. h5 f5 23. f3 Be3 24. g6 h6 25. Ke2 f4 26. Ra6 Bc5 27. Rha1 Rbc8 28.
R6a5 Bb6 29. Rb5 Bc5 30. Rba5 Bb6 31. R5a4 Bc5 32. Kf1 Rc7 33. Kg2 Re7 34. Kh3
Rc7 35. Kg4 Re8 36. Ra5 Bb6 37. Rb5 Bc5 38. Ra4 Rf8 39. Bf7 Rd8 40. Kf5 Rcd7
41. Ra6 Rg8 42. Bd5 Rf8+ 43. Kg4 Re8 44. Rc6 Rf8 45. Rbxc5 dxc5 46. Rxc5 Rb8
47. Ra5 Rc7 48. c5 Rbc8 49. c6 Rb8 50. Rc5 Rb6 51. Kf5 a6 52. Kxe5 Rb8 53. Kxf4
Rf8+ 54. Ke3 Re8 55. f4 Ra8 56. Ra5 Raa7 57. e5 Rf7 58. d4 Rfe7 59. Be4 Kg8 60.
d5 1-0

[Event "75. LJUBLJANSKA LIGA 2023"]
[Site " gostovanja"]
[Date "2023.02.23"]
[Round "5.3"]
[White "Sotirov, Slavko"]
[Black "Simicak, Metod"]
[Result "0-1"]
[WhiteElo "1709"]
[BlackElo "1704"]
[PlyCount "50"]
[EventDate "2023.02.23"]
[WhiteTeam "SK VISNJA GORA - STICNA"]
[BlackTeam "SD MENGES - TRZIN"]

1. e4 e5 2. Nf3 Nf6 3. Nc3 Bb4 4. d3 Bxc3+ 5. bxc3 d5 6. Nxe5 Qe7 7. d4 Nxe4 8.
Be3 Nxc3 9. Bd3 Nxd1 10. Rxd1 O-O 11. O-O Nc6 12. Nxc6 bxc6 13. Rfe1 Qa3 14.
Bf4 Ba6 15. Bxa6 Qxa6 16. Re7 Rfe8 17. Rxc7 Qe2 18. Rf1 Qxc2 19. Be3 Qxa2 20.
Rxc6 a5 21. h3 Reb8 22. Rcc1 h6 23. Kh2 Re8 24. Ra1 Qc4 25. Rfc1 Qa6 0-1

[Event "75. LJUBLJANSKA LIGA 2023"]
[Site " gostovanja"]
[Date "2023.02.23"]
[Round "5.4"]
[White "Ocepek, Marjan"]
[Black "Kocmur, Boris"]
[Result "0-1"]
[WhiteElo "1610"]
[BlackElo "1611"]
[PlyCount "26"]
[EventDate "2023.02.23"]
[WhiteTeam "SD MENGES - TRZIN"]
[BlackTeam "SK VISNJA GORA - STICNA"]

1. c4 e5 2. Nc3 Nf6 3. g3 d5 4. cxd5 Nxd5 5. Bg2 Be6 6. Qa4+ c6 7. Nxd5 Bxd5 8.
e4 Be6 9. Qc2 Bb4 10. Nf3 f6 11. O-O O-O 12. a3 Bd6 13. d4 Nd7 {nejasno (44)}
0-1

[Event "75. LJUBLJANSKA LIGA 2023"]
[Site " gostovanja"]
[Date "2023.03.02"]
[Round "6.1"]
[White "Jelen, Igor"]
[Black "Lanjscek, Miha"]
[Result "1-0"]
[WhiteElo "2313"]
[BlackElo "1812"]
[PlyCount "97"]
[EventDate "2023.03.02"]
[WhiteTeam "SK IG"]
[BlackTeam "SK TRZIN PEKOS PUB"]

1. d4 Nf6 2. c4 e6 3. Nc3 Bb4 4. e3 c5 5. Bd3 O-O 6. Nf3 b6 7. O-O Bb7 8. Na4
cxd4 9. exd4 Be7 10. Nc3 d6 11. Re1 Nbd7 12. h3 Rc8 13. Bf4 d5 14. cxd5 Nxd5
15. Nxd5 exd5 16. Qb3 Nf6 17. Rac1 Nh5 18. Be5 Rxc1 19. Rxc1 Bd6 20. Qc2 h6 21.
Bxd6 Qxd6 22. Qc7 Qf4 23. Rc3 Qxc7 24. Rxc7 Rb8 25. g3 Bc8 26. Kg2 a6 27. Ne5
Be6 28. Bxa6 Ra8 29. Bd3 Rxa2 30. Rb7 g6 31. Rxb6 Nf6 32. Bxg6 Ne4 33. Bh5 Ra4
34. f3 Nd2 35. Bxf7+ Bxf7 36. Rb8+ Kg7 37. Rb7 Rxd4 38. Rxf7+ Kg8 39. Rf4 Rxf4
40. gxf4 Nb3 41. f5 Kg7 42. Kg3 h5 43. Kf4 Nc5 44. b4 Na6 45. b5 Nc5 46. Kg5 d4
47. f6+ Kf8 48. b6 Nb7 49. Kxh5 1-0

[Event "75. LJUBLJANSKA LIGA 2023"]
[Site " gostovanja"]
[Date "2023.03.02"]
[Round "6.2"]
[White "Konvalinka, Kostja"]
[Black "Hiti, Domen"]
[Result "0-1"]
[WhiteElo "1686"]
[BlackElo "2236"]
[PlyCount "124"]
[EventDate "2023.03.02"]
[WhiteTeam "SK TRZIN PEKOS PUB"]
[BlackTeam "SK IG"]

1. e4 e6 2. e5 d6 3. exd6 Bxd6 4. d4 Nf6 5. Nf3 O-O 6. Bd3 b6 7. Nbd2 Bb7 8.
Qe2 Nbd7 9. Ne4 Nxe4 10. Bxe4 Bxe4 11. Qxe4 e5 12. O-O Nf6 13. Qh4 e4 14. Ne5
Re8 15. Bf4 c5 16. c3 Qc7 17. Bg3 Rad8 18. Rad1 cxd4 19. cxd4 Qc2 20. Rb1 Qa4
21. a3 Bb8 22. b3 Qxa3 23. Nc6 Bxg3 24. Qxg3 Rd7 25. Ra1 Qd6 26. Qxd6 Rxd6 27.
Nxa7 Rxd4 28. Rfd1 Rxd1+ 29. Rxd1 h5 30. h3 e3 31. Re1 exf2+ 32. Kxf2 Ne4+ 33.
Kg1 f5 34. Rd1 Kh7 35. b4 h4 36. Nc6 Re6 37. Nd8 Rf6 38. Rd4 Kg6 39. Kf1 Kg5
40. Ke2 Kf4 41. Rd3 g5 42. Rf3+ Ke5 43. Ke3 b5 44. Rf1 Ra6 45. Nf7+ Kf6 46. Nh6
Ng3 47. Rc1 Kg7 48. Rc5 Kxh6 49. Rxb5 Ra2 50. Kf3 Rb2 51. Rb8 Rb3+ 52. Kf2 Ne4+
53. Kf1 g4 54. hxg4 fxg4 55. b5 Rb1+ 56. Ke2 Rxb5 57. Rxb5 Nc3+ 58. Ke3 Nxb5
59. Kf4 Kh5 60. Ke4 Nd4 61. Kf4 g3 62. Ke3 Kg4 0-1

[Event "75. LJUBLJANSKA LIGA 2023"]
[Site " gostovanja"]
[Date "2023.03.02"]
[Round "6.3"]
[White "Janzelj, Lara"]
[Black "Offermann, Sebastian"]
[Result "1-0"]
[WhiteElo "2173"]
[BlackElo "1000"]
[PlyCount "63"]
[EventDate "2023.03.02"]
[WhiteTeam "SK IG"]
[BlackTeam "SK TRZIN PEKOS PUB"]

1. d4 d5 2. c4 Nf6 3. Nf3 Bf5 4. Nc3 e6 5. Bg5 Be7 6. Qb3 b6 7. Bxf6 Bxf6 8.
cxd5 O-O 9. e3 c6 10. dxc6 Nxc6 11. Be2 Rc8 12. O-O Bg6 13. Rfd1 Qc7 14. Ba6
Rcd8 15. Rac1 Na5 16. Qa4 Qb8 17. Nb5 Rd7 18. Rc3 Be4 19. Rdc1 Bb7 20. Bxb7
Nxb7 21. Rc6 e5 22. dxe5 Bxe5 23. Qg4 Rdd8 24. Nxe5 Qxe5 25. Nd4 Nc5 26. b4 f5
27. Qd1 Ne4 28. Qb3+ Rf7 29. Rc7 Rdf8 30. Rxf7 Nd2 31. Rxf8+ Kxf8 32. Rc8+ 1-0

[Event "75. LJUBLJANSKA LIGA 2023"]
[Site " gostovanja"]
[Date "2023.03.02"]
[Round "6.4"]
[White "Filipic, Dusan"]
[Black "Rozic, Adrijan"]
[Result "0-1"]
[WhiteElo "1397"]
[BlackElo "2067"]
[PlyCount "51"]
[EventDate "2023.03.02"]
[WhiteTeam "SK TRZIN PEKOS PUB"]
[BlackTeam "SK IG"]

1. d4 e6 2. c4 d5 3. e3 c6 4. Nf3 f5 5. Nc3 Nf6 6. h4 Bd6 7. c5 Bc7 8. b4 a6 9.
Bd3 Nbd7 10. Ng5 Qe7 11. Bb2 h6 12. Nh3 e5 13. Ne2 Ne4 14. g3 O-O 15. Rg1 exd4
16. Bxd4 Ne5 17. Nc3 Bd7 18. Qc2 Nf3+ 19. Kf1 Nxg1 20. Kxg1 Rae8 21. Ne2 Be5
22. Nhf4 Qf7 23. Kg2 g5 24. hxg5 hxg5 25. Nh3 g4 26. Nhf4 {nejasno (34)} 0-1